Responses for Show #6945 - Friday, November 21, 2014

2014 Tournament of Champions final game 2.

Contestants

[<< previous game]

Julia Collins, a 20-time Jeopardy! champion from Kenilworth, Illinois (subtotal of $6,400)

Arthur Chu, a compliance analyst, voiceover artist, and blogger from Broadview Heights, Ohio (subtotal of $15,600)

Ben Ingram, an IT consultant originally from Florence, South Carolina (subtotal of $25,600)

[next game >>]

Jeopardy! Round responses

YOU DO KNOW HIM FROM ADAM
STATE PARKS
BUBBLE TROUBLE
MEDIA
ADD A LETTER
CHANNING TATUM MOVIES BY ROLE
    $200 11
Noah

Arthur
    $200 6
Lindbergh

Ben
    $200 28
(Alex: Pick the obvious from your part of the world.)
(Julia: [Laughs] Exactly.)

Wrigley

Julia
    $200 27
video games

Julia
    $200 13
swordplay

Julia
    $200 29
22 Jump Street

Julia
    $400 25
Christ

Arthur
    $400 7
(Davy) Crockett

Ben
    $400 26
(Alex: Yes, up to 212.)

18

Julia
    $400 17
photography

Arthur
    $400 19
aspiring

Ben
    $400 14
(Alex: Boy, that brought a big smile to your face.)
[Laughter]
(Julia: One more awkward thing I've said on this show.)

Magic Mike

Julia
    $600 1
Joseph

Arthur
    $600 8
West Virginia

Ben
    $600 5
Keats

Ben
    $600 12
(Ben: What is [*]?)
(Alex: Yeah.)
[Ben chuckles.]

well done

Ben
    $600 20
conifer

Arthur
    $600 15
(Julia: What is Safe Haven?)
...
(Alex: We're going to take a break, allow Julia to calm down.)

Dear John

Julia
Triple Stumper
    $1,000 2
Aaron

Arthur
    $800 9
Mississippi

Ben
    $800 16
(Ben: What are the bends?)
(Arthur: What is an aneurysm?)

an embolism

BenArthur
Triple Stumper
    $800 4
(Julia: What's a circus?)

consolidation

Julia
Triple Stumper
    $800 24
deified

Arthur
    $800 30
(Alex: Popular film--[*]. Ben, you knew that.)
(Ben: Yep.)
(Alex: But you didn't ring in.)
(Ben: I didn't.)
(Alex: Boo hiss.)

White House Down

Triple Stumper
    $1000 21
David

Arthur
    $1000 10
Utah

Triple Stumper
    $1000 22
Freixenet

Triple Stumper
    $1000 3
a broadside

Julia
    $1000 18
denature

Ben
    $1000 23
The Vow

Triple Stumper

Scores at the first commercial break (after clue 15):

Ben Arthur Julia
$3,200 $1,800 $200

Scores at the end of the Jeopardy! Round:

Ben Arthur Julia
$3,800 $4,200 $1,200

Double Jeopardy! Round responses

McWRITERS
COLONIAL AMERICA
PEAKS & VALLEYS
(Alex: Highs and lows.)
I'M JUST A SAYING
GETTING POSSESSIVE
SONG TITLE IN COMMON TO...
(Alex: And we'll give you the performers, you give us the song title.)
    $400 30
Terry McMillan

Triple Stumper
    $400 21
Plymouth

Arthur
    $400 28
Everest

Ben
    $400 25
the fence

Arthur
    $400 29
Pandora's box

Arthur
    $400 1
"I Kissed A Girl"

Julia
    $800 27
(Julia: Who is Kevorkian?)

Dr. Jeffrey MacDonald

Julia
Triple Stumper
    $800 13
Delaware

Ben
    $800 26
Kilimanjaro

Arthur
    $800 24
blind

Julia
    $800 23
Martha's Vineyard

Arthur
    $800 2
"Cherry Bomb"

Triple Stumper
    $1200 22
The New Yorker

Triple Stumper
    $1200 4
(Peter) Stuyvesant

Julia
    $1200 14
the Canary Islands

Arthur
    $1200 5
(Alex: And if you have a cat, you know. Cats have [*].)
[Laughter]
(Julia: That's cute.)

a staff

Triple Stumper
    $1200 6
Rosemary's Baby

Julia
    $1200 3
"Head Over Heels"

Arthur
    $7,000 8
(Arthur: What is a web?)

(a global) village

Arthur
    $1600 20
(James) Oglethorpe

Ben
    $2,800 15
Adelaide

Arthur
    $1600 9
this too shall pass

Arthur
    $1600 7
Darwin's finches

Arthur
    $1600 11
"Forever Young"

Julia
    $2000 18
Jill McCorkle

Triple Stumper
    $2000 19
Phillis Wheatley

Triple Stumper
    $2000 17
the Bekaa Valley

Triple Stumper
    $2000 16
lifts all boats

Arthur
    $2000 10
King Philip's War

Julia
    $2000 12
(Alex: Wonderful song--[*].)

"The Look Of Love"

Triple Stumper

Scores at the end of the Double Jeopardy! Round:

Ben Arthur Julia
$6,600 $10,400 $7,600

[wagering suggestions for these scores]

Final Jeopardy! Round responses

SHAKESPEAREAN GEOGRAPHY
(Alex: This was a tough one.)
...
(Alex: [To Ben] There's no Cairo in a Shakespeare title.)
...
(Alex: [To Arthur] No, the play is Pericles of [*]. [*], not Thebes. It's going to cost Arthur something. $10,400, everything. Yesterday, he had $15,600. He's gonna wind up in second place, but Ben Ingram, come on! Way to go.)
(Ben: [To himself] I don't know how that happened.)
(Alex: Congratulations.)
(Ben: Thank you.)
(Alex: All right, a worthy champion. $100,000 for Arthur, $50,000 to Julia, and we thank you for tuning us in. So long, everybody.)
BenWhat is Windsor? Cairo :(
$4,201
JuliaWhat is . . . .
$2,000
ArthurWhat is Thebes?
$10,400
Tyre

Final scores:

Ben Arthur Julia
$2,399 $0 $5,600

Cumulative scores:

Ben Arthur Julia
$27,999 $15,600 $12,000
Tournament champion: $250,000 1st runner-up: $100,000 2nd runner-up: $50,000

Game dynamics:

Coryat scores:

Ben Arthur Julia
$6,600 $16,000 $7,600
11 R,
1 W
19 R
(including 2 DDs),
2 W
(including 1 DD)
13 R,
3 W

Combined Coryat: $30,200

[game clues] [game scores] [suggest correction]

Game tape date: 2014-10-01
The J! Archive is created by fans, for fans. Scraping, republication, monetization, and malicious use prohibited; this site may use cookies and collect identifying information. See terms. The Jeopardy! game show and all elements thereof, including but not limited to copyright and trademark thereto, are the property of Jeopardy Productions, Inc. and are protected under law. This website is not affiliated with, sponsored by, or operated by Jeopardy Productions, Inc. Join the discussion at JBoard.tv.